Wszyscy Ministrowie w historii serwera Mordy Mordeczki - Statystyki

Ogólne statystyki
  • Ten quiz został rozwiązany 33 razy
    7 od ostatniego zresetowania
  • Średni wynik to 19 z 40
Statystyki odpowiedzi
Odpowiedź Ministerstwo % Poprawnych
Aryati MK, MM, MDG, MA,
100%
Loof MSWiA, MF,
100%
Tortex MS, MPiS,
100%
Bartek MF, MDG,
80%
Hirohito MEiN
80%
Kaziu MS, MKiM, MK,
80%
Maciej MK, MF, MIP,
80%
Plawik MEiN, MIP, MK
80%
Sulejman MK, MR,
80%
Supernes MSWiA, MK
80%
Cesiak MSWiA, MPiPS
60%
Eniki MS
60%
Jąderko KPRM, MS
60%
Ketrab MSWiA, MF
60%
Lager MSZ, KPRM, MEiN,
60%
Śledzik MF, MS,
60%
Staś MFiG
60%
Tako MKiDN, MKiM, MM, MK, MA,
60%
Wojtaszko MS
60%
Bizantyjczyk MEiN, MKiR
40%
Europejczyk MF
40%
Ferguson KPRM
40%
Heraquik MEiN, MM
40%
Kot Prewencjusz KPRM, MEiN
40%
Mickiewicz KPRM, MKiM
40%
Mnem MF
40%
Pablo MA
40%
Peterdeus MKiDN,
40%
Puszek MF
40%
Ralex MM
40%
Kazikmierz MEiN
20%
Kuniś MS
20%
Legnicki MI, MKiDN,
20%
Zexoi MF, MON
20%
Balon MM
0%
Hod Dog MS, MM
0%
Kamernik MSZ
0%
Marko MSWiA
0%
Pilek MPN
0%
Zaskroniec MKiDN, MK
0%
Nie znaleziono quizów pasujących do podanych kryteriów
Rozkład punktacji
Procent ludzi z każdym wynikiem
Percentyl według liczby udzielonych odpowiedzi
Twoja historia wyników
Nie rozwiązałeś tego quizu od ostatniego zresetowania